[Event "TUR-chT 1st League"]
[Site "Denizli"]
[Date "2023.07.15"]
[Round "9.73"]
[White "Romi, Izak"]
[Black "Canbulan, Arda"]
[Result "0-1"]
[WhiteElo "1782"]
[BlackElo "1876"]
[PlyCount "64"]
[EventDate "2023.07.09"]
[EventType "team-swiss"]
[EventRounds "9"]
[EventCountry "TUR"]
[SourceTitle "CBM 215 Extra"]
[Source "ChessBase"]
[SourceDate "2023.09.30"]
[SourceVersion "1"]
[SourceVersionDate "2023.09.30"]
[SourceQuality "1"]
[WhiteTeam "Istanbul Teknik Uni"]
[BlackTeam "Yalova Belediye"]
[WhiteTeamCountry "TUR"]
[BlackTeamCountry "TUR"]

1. e4 c5 2. Nf3 d6 3. d4 cxd4 4. Nxd4 Nf6 5. Nc3 g6 6. Be3 Bg7 7. f3 0-0 8. Qd2 Nc6 9. Bc4 Nd7 10. Bb3 Nb6 11. g4 Na5 12. Qd3 Bd7 13. h4 Rc8 14. h5 Nbc4 15. hxg6 hxg6 16. Bh6 Bxh6 17. Rxh6 Kg7 18. g5 Nxb2 19. Qd2 Rh8 20. Nd5 Nac4 21. Qc3 e5 22. Bxc4 Nxc4 23. Rxh8 Qxh8 24. 0-0-0 Nb6 25. Qb2 Nxd5 26. exd5 exd4 27. Qxb7 Bf5 28. Rd2 Qh1+ 29. Kb2 Qxf3 30. Rh2 Qc3+ 31. Kc1 Qe3+ 32. Kb2 Qe5 0-1

[Event "TUR-chT 1st League"]
[Site "Denizli"]
[Date "2023.07.13"]
[Round "7.64"]
[White "Buke, Furkan"]
[Black "Romi, Izak"]
[Result "1-0"]
[WhiteElo "1973"]
[BlackElo "1782"]
[PlyCount "141"]
[EventDate "2023.07.09"]
[EventType "team-swiss"]
[EventRounds "9"]
[EventCountry "TUR"]
[SourceTitle "CBM 215 Extra"]
[Source "ChessBase"]
[SourceDate "2023.09.30"]
[SourceVersion "1"]
[SourceVersionDate "2023.09.30"]
[SourceQuality "1"]
[WhiteTeam "Bursa Deneyim"]
[BlackTeam "Istanbul Teknik Uni"]
[WhiteTeamCountry "TUR"]
[BlackTeamCountry "TUR"]

1. e4 c5 2. Nf3 d6 3. d4 cxd4 4. Nxd4 Nf6 5. Nc3 g6 6. g3 Bd7 7. Bg2 Nc6 8. Nde2 Bg7 9. 0-0 0-0 10. h3 Rc8 11. Nd5 Nxd5 12. exd5 Na5 13. c3 Qc7 14. Re1 Rfe8 15. Nd4 h6 16. Re3 Nc4 17. Re2 b5 18. b3 Nb6 19. Bb2 a5 20. Qd3 Qc5 21. Qe4 a4 22. Rd1 a3 23. Ba1 Bf6 24. Ne6 Bxe6 25. dxe6 d5 26. exf7+ Kxf7 27. Qe6+ Kg7 28. Bxd5 Rf8 29. Be4 Rcd8 30. Red2 Rxd2 31. Rxd2 Qg5 32. Rd1 Nc8 33. c4 Bxa1 34. Rxa1 Nd6 35. Bg2 bxc4 36. bxc4 Rf7 37. Qe2 Qf6 38. Rc1 Nf5 39. c5 Nd4 40. Qe3 e5 41. c6 Rc7 42. Qe4 Qd6 43. Kh2 g5 44. Qd5 Qxd5 45. Bxd5 Kf6 46. Rc3 Ke7 47. Rxa3 Kd6 48. Be4 Rf7 49. Kg2 Rf8 50. Ra7 Nb5 51. Rd7+ Ke6 52. Bd5+ Kf6 53. c7 Rc8 54. Bc6 Nxc7 55. Bb7 Re8 56. Rxc7 h5 57. Be4 h4 58. Rc6+ Ke7 59. g4 Rb8 60. Bf5 Ra8 61. Re6+ Kf7 62. Rxe5 Rxa2 63. Be6+ Kf6 64. Bxa2 Kxe5 65. Kf3 Kd4 66. Ke2 Ke4 67. Bb1+ Kf4 68. Bc2 Ke5 69. Ke3 Kd5 70. Bb3+ Ke5 71. Ba2 1-0

[Event "TUR-chT 1st League"]
[Site "Denizli"]
[Date "2023.07.11"]
[Round "4.34"]
[White "Akcan, Umit"]
[Black "Romi, Izak"]
[Result "1-0"]
[WhiteElo "1963"]
[BlackElo "1782"]
[PlyCount "61"]
[EventDate "2023.07.09"]
[EventType "team-swiss"]
[EventRounds "9"]
[EventCountry "TUR"]
[SourceTitle "CBM 215 Extra"]
[Source "ChessBase"]
[SourceDate "2023.09.30"]
[SourceVersion "1"]
[SourceVersionDate "2023.09.30"]
[SourceQuality "1"]
[WhiteTeam "Mavisehir Altyapi"]
[BlackTeam "Istanbul Teknik Uni"]
[WhiteTeamCountry "TUR"]
[BlackTeamCountry "TUR"]

1. e4 c5 2. Nf3 e6 3. d4 cxd4 4. Nxd4 a6 5. Bd3 Qc7 6. 0-0 Nc6 7. Nxc6 bxc6 8. c4 c5 9. f4 d6 10. Nc3 Bb7 11. Qe2 Nf6 12. b3 Be7 13. Bb2 h5 14. Rae1 0-0-0 15. e5 Nd7 16. Be4 Nb6 17. Bxb7+ Qxb7 18. exd6 Bxd6 19. Ne4 f6 20. Rd1 Qc7 21. Nxd6+ Rxd6 22. Rxd6 Qxd6 23. Re1 Re8 24. Qxh5 Re7 25. Rd1 Qc7 26. Bc3 Nd7 27. Qf3 Nb8 28. Qe3 Qc6 29. Rd5 Rc7 30. Rh5 Rd7 31. Rxc5 1-0

[Event "TUR-chT 1st League"]
[Site "Denizli"]
[Date "2023.07.10"]
[Round "2.44"]
[White "Unat, Can Haktan"]
[Black "Romi, Izak"]
[Result "1-0"]
[WhiteElo "2256"]
[BlackElo "1782"]
[PlyCount "61"]
[EventDate "2023.07.09"]
[EventType "team-swiss"]
[EventRounds "9"]
[EventCountry "TUR"]
[SourceTitle "CBM 215 Extra"]
[Source "ChessBase"]
[SourceDate "2023.09.30"]
[SourceVersion "1"]
[SourceVersionDate "2023.09.30"]
[SourceQuality "1"]
[WhiteTeam "Guzelbahce Altyapi"]
[BlackTeam "Istanbul Teknik Uni"]
[WhiteTeamCountry "TUR"]
[BlackTeamCountry "TUR"]

1. e4 c5 2. Nf3 e6 3. d4 cxd4 4. Nxd4 a6 5. Bd3 Qc7 6. 0-0 Nc6 7. Nxc6 bxc6 8. f4 d5 9. Qe2 Nf6 10. Nd2 Be7 11. b3 0-0 12. Bb2 g6 13. Rae1 Bb7 14. Kh1 c5 15. f5 exf5 16. exf5 Rae8 17. fxg6 hxg6 18. Qf3 Nh5 19. Re5 d4 20. Qe2 Ng7 21. Bc4 Bf6 22. Rxe8 Rxe8 23. Qg4 Be5 24. Qxg6 Re7 25. Ne4 Bxe4 26. Qxe4 Bxh2 27. Qa8+ Kh7 28. Bd3+ f5 29. Qf3 Kg8 30. Bc4+ Kf8 31. Qh3 1-0

[Event "TUR-chT 1st League"]
[Site "Konya"]
[Date "2022.08.25"]
[Round "5.5"]
[White "Romi, Izak"]
[Black "Solakoglu, Ozgur"]
[Result "0-1"]
[WhiteElo "1837"]
[BlackElo "1967"]
[PlyCount "80"]
[EventDate "2022.08.22"]
[EventType "team-swiss"]
[EventRounds "9"]
[EventCountry "TUR"]
[SourceTitle "CBM 209 Extra"]
[Source "ChessBase"]
[SourceDate "2022.09.30"]
[SourceVersion "1"]
[SourceVersionDate "2022.09.30"]
[SourceQuality "1"]
[WhiteTeam "Istanbul Teknik Uni"]
[BlackTeam "Mavisehir Altyapi"]
[WhiteTeamCountry "TUR"]
[BlackTeamCountry "TUR"]

1. e4 e5 2. Nf3 Nc6 3. Bb5 Nd4 4. Nxd4 exd4 5. 0-0 a6 6. Ba4 b5 7. Bb3 c5 8. Bd5 Rb8 9. Bxf7+ Kxf7 10. Qh5+ g6 11. Qd5+ Kf6 12. d3 Qe8 13. Bf4 Rb6 14. Nd2 Qe6 15. Qg5+ Kf7 16. Qd8 Qf6 17. Qxc8 Qxf4 18. Qxd7+ Be7 19. Qd5+ Kg7 20. g3 Qg5 21. Qxg5 Bxg5 22. f4 Be7 23. b3 h5 24. a4 h4 25. g4 g5 26. f5 h3 27. e5 Rh4 28. f6+ Bxf6 29. exf6+ Nxf6 30. axb5 Rxg4+ 31. Kh1 axb5 32. Rg1 Re6 33. Rxg4 Nxg4 34. Ne4 Kg6 35. Ra5 Nf2+ 36. Kg1 Nxe4 37. dxe4 Rxe4 38. Rxb5 Rg4+ 39. Kh1 c4 40. Rd5 Rg2 0-1

[Event "Kesan op 16th"]
[Site "Kesan"]
[Date "2018.08.16"]
[Round "8"]
[White "Romi, Izak"]
[Black "Darban Vaighani, Morteza"]
[Result "0-1"]
[WhiteElo "1882"]
[BlackElo "2331"]
[PlyCount "90"]
[EventDate "2018.08.12"]
[EventType "swiss"]
[EventRounds "9"]
[EventCountry "TUR"]
[SourceTitle "CBM 186 Extra"]
[Source "ChessBase"]
[SourceDate "2018.08.24"]
[SourceVersion "1"]
[SourceVersionDate "2018.08.24"]
[SourceQuality "1"]

1. e4 g6 2. d4 Bg7 3. Nc3 c6 4. Be3 Qb6 5. Rb1 d6 6. h3 Nd7 7. Nf3 Qc7 8. Qd2 b5 9. Bd3 Bb7 10. 0-0 Ngf6 11. Bh6 0-0 12. Bxg7 Kxg7 13. Ne2 c5 14. e5 dxe5 15. dxe5 Nxe5 16. Nxe5 Qxe5 17. Bxb5 a6 18. f4 Qe4 19. Ng3 Qxg2+ 20. Qxg2 Bxg2 21. Kxg2 axb5 22. a3 e6 23. Kf3 Ra4 24. Rfd1 Nd5 25. Ne2 b4 26. axb4 Rxb4 27. c3 Rb3 28. Nc1 Rb6 29. Ne2 Rfb8 30. Rd2 Rb3 31. Rc2 R8b4 32. h4 h5 33. Kf2 Re4 34. Kf3 Re3+ 35. Kg2 Rxe2+ 36. Rxe2 Nxf4+ 37. Kf3 Nxe2 38. Kxe2 c4 39. Ke3 e5 40. Ke4 Rb5 41. b4 cxb3 42. c4 f5+ 43. Kd3 Rb8 44. c5 Kf6 45. Kc4 Ke6 0-1

[Event "Istanbul op"]
[Site "Istanbul"]
[Date "2017.09.11"]
[Round "1"]
[White "Shanava, Konstantine"]
[Black "Romi, Izak"]
[Result "1-0"]
[WhiteElo "2504"]
[BlackElo "1884"]
[PlyCount "75"]
[EventDate "2017.09.11"]
[EventType "swiss"]
[EventRounds "9"]
[EventCountry "TUR"]
[SourceTitle "CBM 180 Extra"]
[Source "ChessBase"]
[SourceDate "2017.10.06"]
[SourceVersion "1"]
[SourceVersionDate "2017.10.06"]
[SourceQuality "1"]

1. e4 c5 2. Nc3 Nc6 3. Nge2 g6 4. g3 Bg7 5. Bg2 e6 6. 0-0 Nge7 7. d3 0-0 8. Be3 Nd4 9. Qd2 d6 10. f4 Rb8 11. Bf2 Nxe2+ 12. Qxe2 Nc6 13. Rae1 Nd4 14. Qd2 Qa5 15. e5 dxe5 16. fxe5 Bd7 17. g4 Bc6 18. Bg3 Qb4 19. Bxc6 Nxc6 20. Re4 Nd4 21. Qc1 Rbd8 22. Bh4 Rd7 23. Bf6 Qb6 24. Kg2 Qc6 25. Kh3 b5 26. Rf2 b4 27. Ne2 Nxe2 28. Rfxe2 Qd5 29. b3 h5 30. Qf1 Bh6 31. gxh5 Kh7 32. hxg6+ fxg6 33. Rh4 g5 34. Rxh6+ Kxh6 35. Bxg5+ Kxg5 36. Qxf8 Rh7+ 37. Kg3 Rh6 38. Re4 1-0

[Event "Istanbul Kartal op"]
[Site "Istanbul"]
[Date "2015.06.26"]
[Round "6"]
[White "Romi, Izak"]
[Black "Hajiyev, Shahin Qabil"]
[Result "1-0"]
[WhiteElo "1976"]
[BlackElo "1980"]
[PlyCount "105"]
[EventDate "2015.06.23"]
[EventType "swiss"]
[EventRounds "9"]
[EventCountry "TUR"]
[SourceTitle "CBM 167 Extra"]
[Source "ChessBase"]
[SourceDate "2015.09.14"]
[SourceVersion "1"]
[SourceVersionDate "2015.09.14"]
[SourceQuality "1"]

1. e4 c5 2. Nf3 d6 3. d4 cxd4 4. Nxd4 Nf6 5. Nc3 a6 6. Be3 Ng4 7. Bg5 h6 8. Bh4 g5 9. Bg3 Bg7 10. Qd2 Qb6 11. Nb3 Be6 12. h3 Ne5 13. Nd5 Bxd5 14. exd5 Nbd7 15. c3 Nc5 16. Nxc5 Qxc5 17. 0-0-0 0-0-0 18. Kb1 Bf6 19. c4 a5 20. a3 Kd7 21. Rc1 Ra8 22. f3 b6 23. Bf2 Qc7 24. Be2 Ke8 25. h4 Kd7 26. Bd4 Rhg8 27. g3 Ke8 28. hxg5 hxg5 29. Rh5 Nd7 30. Bxf6 Nxf6 31. Rxg5 Rh8 32. Bd3 Qc5 33. Re1 Qd4 34. Qe2 Ra7 35. Rf5 Kf8 36. Rf4 Qc5 37. g4 Kg7 38. g5 Nh5 39. Rg4 e5 40. dxe6 Re7 41. Qd2 Rxe6 42. Qc3+ Kg8 43. g6 Rxe1+ 44. Qxe1 Qe5 45. gxf7+ Kxf7 46. Bg6+ Kf8 47. Qh4 Qf6 48. Bxh5 Qf5+ 49. Ka2 Rxh5 50. Qd8+ Kf7 51. Qg8+ Kf6 52. Qg7+ Ke6 53. Rg6+ 1-0

[Event "Istanbul op-A 12th"]
[Site "Istanbul"]
[Date "2013.10.16"]
[Round "6"]
[White "Romi, Izak"]
[Black "Sivri, Gorkem"]
[Result "1/2-1/2"]
[WhiteElo "1990"]
[BlackElo "2197"]
[PlyCount "108"]
[EventDate "2013.10.12"]
[EventType "swiss"]
[EventRounds "9"]
[EventCountry "TUR"]
[SourceTitle "EXT 2014"]
[Source "ChessBase"]
[SourceDate "2013.11.20"]
[SourceVersion "1"]
[SourceVersionDate "2013.11.20"]
[SourceQuality "1"]

1. e4 c6 2. d4 d5 3. Nc3 dxe4 4. Nxe4 Nf6 5. Nxf6+ gxf6 6. c3 Qd5 7. Be3 Bf5 8. Nf3 Rg8 9. c4 Qd7 10. Nh4 Bg4 11. Qc2 e5 12. dxe5 Bb4+ 13. Bd2 Bxd2+ 14. Qxd2 Qxd2+ 15. Kxd2 fxe5 16. h3 Be6 17. Re1 Nd7 18. f4 exf4 19. Nf5 Kd8 20. Nd4 Ke7 21. Re4 Rad8 22. Rxf4 Ne5 23. Kc1 c5 24. Nxe6 Kxe6 25. g4 Rd4 26. Rxd4 cxd4 27. b3 Rc8 28. Kd2 b5 29. Bd3 Nxd3 30. Kxd3 bxc4+ 31. bxc4 Rc5 32. Re1+ Kd6 33. Rf1 Ke6 34. Kxd4 Ra5 35. Rf5 Rxa2 36. Rh5 a5 37. Rh6+ Ke7 38. Rxh7 a4 39. Rh6 Rh2 40. Ra6 Rxh3 41. Rxa4 Rh4 42. Kd5 Rxg4 43. Ra7+ Kd8 44. Rxf7 Rg6 45. c5 Kc8 46. Kc4 Rh6 47. Kb5 Rg6 48. Rf8+ Kc7 49. Rf7+ Kc8 50. Ra7 Kb8 51. Rd7 Kc8 52. Rd6 Rxd6 53. cxd6 Kd7 54. Kc5 Kd8 1/2-1/2

[Event "Istanbul op-A 12th"]
[Site "Istanbul"]
[Date "2013.10.15"]
[Round "5"]
[White "Romi, Izak"]
[Black "Grigoriev, Armen"]
[Result "1/2-1/2"]
[WhiteElo "1990"]
[BlackElo "2198"]
[PlyCount "91"]
[EventDate "2013.10.12"]
[EventType "swiss"]
[EventRounds "9"]
[EventCountry "TUR"]
[SourceTitle "EXT 2014"]
[Source "ChessBase"]
[SourceDate "2013.11.20"]
[SourceVersion "1"]
[SourceVersionDate "2013.11.20"]
[SourceQuality "1"]

1. e4 Nc6 2. Nf3 g6 3. d4 d6 4. d5 Nb8 5. h3 Bg7 6. c4 c5 7. Nc3 e5 8. dxe6 fxe6 9. Bf4 e5 10. Bg5 Nf6 11. Nd5 Nc6 12. Be2 0-0 13. 0-0 Be6 14. Nxf6+ Bxf6 15. Bh6 Rf7 16. b3 Qe7 17. Qd2 Bg7 18. Bg5 Qf8 19. Nh2 h6 20. Be3 Nd4 21. Bg4 Bxg4 22. Nxg4 Kh7 23. Rac1 h5 24. Nh2 Re8 25. Rfe1 Re6 26. Rc3 Ref6 27. Bxd4 exd4 28. Rf3 Bh6 29. Qe2 Bf4 30. g3 Be5 31. Rxf6 Bxf6 32. f4 h4 33. f5 Qg7 34. g4 gxf5 35. exf5 Re7 36. Qd1 Bg5 37. Nf1 Rxe1 38. Qxe1 Qe5 39. Kf2 Qf4+ 40. Kg2 d3 41. Qe6 d2 42. Qf7+ Kh8 43. Qf8+ Kh7 44. Qf7+ Kh8 45. Qf8+ Kh7 46. Qf7+ 1/2-1/2

[Event "Istanbul op-A 12th"]
[Site "Istanbul"]
[Date "2013.10.13"]
[Round "3"]
[White "Romi, Izak"]
[Black "Nuimat, Rayah"]
[Result "1-0"]
[WhiteElo "1990"]
[BlackElo "1692"]
[PlyCount "39"]
[EventDate "2013.10.12"]
[EventType "swiss"]
[EventRounds "9"]
[EventCountry "TUR"]
[SourceTitle "EXT 2014"]
[Source "ChessBase"]
[SourceDate "2013.11.20"]
[SourceVersion "1"]
[SourceVersionDate "2013.11.20"]
[SourceQuality "1"]

1. e4 d6 2. d4 g6 3. Nc3 Bg7 4. Be3 Nd7 5. Qd2 e5 6. Nf3 Ne7 7. Bh6 0-0 8. Bxg7 Kxg7 9. 0-0-0 c6 10. dxe5 d5 11. exd5 cxd5 12. Nxd5 Nc6 13. Nf4 Qe8 14. Bb5 Ndxe5 15. Nxe5 Qxe5 16. Bxc6 bxc6 17. Rhe1 Qf6 18. Qd4 Bb7 19. Re7 Rfe8 20. Rxb7 1-0

[Event "Kesan op 11th"]
[Site "Edirne"]
[Date "2013.08.28"]
[Round "4"]
[White "Dogan, Halit"]
[Black "Romi, Izak"]
[Result "0-1"]
[WhiteElo "1525"]
[BlackElo "2023"]
[PlyCount "68"]
[EventDate "2013.08.26"]
[EventType "swiss"]
[EventRounds "9"]
[EventCountry "TUR"]
[SourceTitle "CBM 156 Extra"]
[Source "ChessBase"]
[SourceDate "2013.10.22"]
[SourceVersion "1"]
[SourceVersionDate "2013.10.22"]
[SourceQuality "1"]

1. Nf3 Nf6 2. d4 e6 3. c4 c5 4. d5 exd5 5. cxd5 d6 6. Nc3 g6 7. e4 Bg7 8. Be2 0-0 9. 0-0 Bg4 10. Qc2 Re8 11. h3 Bxf3 12. Bxf3 a6 13. Bf4 Qc7 14. Rab1 Nbd7 15. a3 Rac8 16. Rfc1 b5 17. b3 Nb6 18. Na2 Nfd7 19. Bg4 h5 20. Bxd7 Nxd7 21. Be3 Nf6 22. f3 Nxd5 23. Bf2 Ne7 24. Qd2 Red8 25. Rd1 d5 26. Rbc1 dxe4 27. Qg5 Rxd1+ 28. Rxd1 exf3 29. Re1 Nf5 30. Nc1 fxg2 31. Nd3 c4 32. Nf4 Bh6 33. Qf6 Qxf4 34. Bd4 Qxd4+ 0-1

[Event "FICGS class A 000021 email"]
[Site "FICGS email"]
[Date "2007.05.02"]
[Round "1"]
[White "Markus, Roland"]
[Black "Romi, Izak"]
[Result "1-0"]
[WhiteElo "2103"]
[BlackElo "2117"]
[PlyCount "93"]
[EventDate "2007.??.??"]
[EventType "tourn (corr)"]
[EventRounds "6"]
[SourceTitle "Corr 2022"]
[Source "ChessBase"]
[SourceDate "2021.10.24"]
[SourceVersion "1"]
[SourceVersionDate "2021.10.24"]
[SourceQuality "1"]

1. d4 d5 2. e3 Nf6 3. Bd3 Nc6 4. f4 Bg4 5. Nf3 e6 6. c3 Bd6 7. Nbd2 0-0 8. Qc2 Ne7 9. 0-0 Bf5 10. e4 dxe4 11. Nxe4 Nxe4 12. Bxe4 c5 13. Bxf5 Nxf5 14. g4 Ne7 15. Ng5 g6 16. Qd3 Nd5 17. f5 Be7 18. Ne4 exf5 19. gxf5 cxd4 20. Bh6 dxc3 21. Bxf8 Kxf8 22. bxc3 Qb6+ 23. Kh1 Qc6 24. Qf3 f6 25. Rad1 gxf5 26. c4 Qxc4 27. Nd6 Bxd6 28. Rxd5 Qc6 29. Rxf5 Be7 30. Rh5 Kg7 31. Rg1+ Kh8 32. Qxc6 bxc6 33. Re1 Bd8 34. Rd1 Kg7 35. Rd7+ Kg6 36. Rdxh7 Rb8 37. R5h6+ Kg5 38. h4+ Kg4 39. Rxa7 Rb1+ 40. Kg2 Rb2+ 41. Kf1 Bb6 42. Ra4+ Kf5 43. Rh5+ Kg6 44. Rh8 Rf2+ 45. Ke1 Rh2 46. Rc8 Bf2+ 47. Kf1 1-0

[Event "FICGS class A 000021 email"]
[Site "FICGS email"]
[Date "2007.05.02"]
[Round "1"]
[White "Repa, Jason"]
[Black "Romi, Izak"]
[Result "1-0"]
[WhiteElo "2144"]
[BlackElo "2117"]
[PlyCount "83"]
[EventDate "2007.??.??"]
[EventType "tourn (corr)"]
[EventRounds "6"]
[SourceTitle "Corr 2022"]
[Source "ChessBase"]
[SourceDate "2021.10.24"]
[SourceVersion "1"]
[SourceVersionDate "2021.10.24"]
[SourceQuality "1"]

1. f4 d5 2. Nf3 Nf6 3. e3 c5 4. b3 Nc6 5. Bb5 Bg4 6. Bxc6+ bxc6 7. d3 e6 8. Nbd2 Bd6 9. 0-0 0-0 10. Bb2 Nd7 11. Qe1 f5 12. a4 Qe7 13. Qg3 Rae8 14. Rae1 Bc7 15. e4 Bxf3 16. Rxf3 fxe4 17. dxe4 Ba5 18. Bc3 Bb4 19. Rd3 Qf7 20. Rf1 Nf6 21. Qe1 Qe7 22. Qe2 e5 23. f5 Qd8 24. Kh1 Qa5 25. Bxb4 cxb4 26. g4 h6 27. h4 Kf7 28. Kg2 Rh8 29. Rc1 Qc5 30. c4 d4 31. Rg3 h5 32. g5 Ng4 33. g6+ Ke7 34. Nf3 Kd7 35. Ng5 Kc8 36. Rxg4 hxg4 37. Qxg4 Kb8 38. Ne6 Qe7 39. h5 Qf6 40. Rf1 Re7 41. a5 Rd7 42. a6 1-0

[Event "FICGS rapid A 000018 email"]
[Site "FICGS email"]
[Date "2007.04.23"]
[Round "1"]
[White "Romi, Izak"]
[Black "Markus, Roland"]
[Result "1/2-1/2"]
[WhiteElo "2117"]
[BlackElo "2165"]
[PlyCount "87"]
[EventDate "2007.??.??"]
[EventType "tourn (rapid)"]
[EventRounds "6"]
[SourceTitle "Corr 2022"]
[Source "ChessBase"]
[SourceDate "2021.10.24"]
[SourceVersion "1"]
[SourceVersionDate "2021.10.24"]
[SourceQuality "1"]

1. e4 e5 2. Nf3 Nf6 3. Nxe5 d6 4. Nf3 Nxe4 5. d4 d5 6. Bd3 Be7 7. 0-0 Nc6 8. c4 Nb4 9. Be2 0-0 10. Nc3 Be6 11. Ne5 f6 12. Bg4 Bc8 13. Bxc8 Rxc8 14. Nf3 c5 15. a3 Nxc3 16. bxc3 Nc6 17. Qe2 cxd4 18. Qe6+ Kh8 19. cxd5 Ne5 20. Nxe5 fxe5 21. cxd4 exd4 22. Bb2 Bf6 23. Rad1 Re8 24. Qg4 Qxd5 25. Bxd4 Bxd4 26. Rxd4 Qe5 27. h3 Rcd8 28. Rxd8 Rxd8 29. Qb4 b5 30. Re1 Qb8 31. a4 a6 32. axb5 Qxb5 33. Qe7 Qb8 34. Qa3 Qb6 35. Re7 Qb1+ 36. Kh2 Qb8+ 37. g3 Qb6 38. Qf3 Qg6 39. h4 h6 40. Ra7 Rb8 41. Kg1 Rb1+ 42. Kg2 Rb6 43. h5 Qc6 44. Qxc6 1/2-1/2

[Event "FICGS class A 000020 email"]
[Site "FICGS email"]
[Date "2007.04.23"]
[Round "1"]
[White "Romi, Izak"]
[Black "Repa, Jason"]
[Result "1/2-1/2"]
[WhiteElo "2117"]
[BlackElo "2029"]
[PlyCount "106"]
[EventDate "2007.??.??"]
[EventType "tourn (corr)"]
[EventRounds "6"]
[SourceTitle "Corr 2022"]
[Source "ChessBase"]
[SourceDate "2021.10.24"]
[SourceVersion "1"]
[SourceVersionDate "2021.10.24"]
[SourceQuality "1"]

1. e4 e6 2. d4 d5 3. Nc3 Nf6 4. Bg5 Bb4 5. e5 h6 6. Bd2 Bxc3 7. bxc3 Ne4 8. Qg4 g6 9. Qf4 c5 10. Bd3 Nxd2 11. Qxd2 Bd7 12. Nf3 Bc6 13. h4 Nd7 14. h5 g5 15. Nh2 Qb6 16. Be2 f6 17. exf6 Nxf6 18. 0-0 Ne4 19. Qe3 0-0-0 20. Bf3 Qb2 21. Bxe4 dxe4 22. Rad1 Qxa2 23. Ra1 Qxc2 24. Rxa7 cxd4 25. cxd4 Qd3 26. Ng4 Kc7 27. Qe1 Rd5 28. Qb4 Qxd4 29. Qe7+ Rd7 30. Qxe6 Rf8 31. Qa2 Qc5 32. Qa1 Rd2 33. Ra5 Qd4 34. Qxd4 Rxd4 35. Nxh6 Rd5 36. Rxd5 Bxd5 37. Ng4 Be6 38. Ne3 b5 39. Rb1 Kb6 40. Rb4 Bc4 41. Nxc4+ Kc5 42. Rxb5+ Kxb5 43. Nd6+ Kc6 44. Nxe4 g4 45. Kh2 Kd5 46. Nc3+ Kd4 47. Nd1 Rf5 48. Kg3 Rxh5 49. Kxg4 Rh8 50. g3 Rh1 51. Ne3 Ke4 52. Nf5 Rf1 53. f4 Rd1 1/2-1/2

[Event "TUR-ch"]
[Site "Ankara"]
[Date "2002.07.28"]
[Round "9"]
[White "Ozyilmaz, Arif"]
[Black "Romi, Izak"]
[Result "1-0"]
[WhiteElo "2136"]
[BlackElo "2128"]
[PlyCount "113"]
[EventDate "2002.07.24"]
[EventType "swiss"]
[EventRounds "11"]
[EventCountry "TUR"]
[SourceTitle "CBM 089 Extra"]
[Source "ChessBase"]
[SourceDate "2002.09.10"]
[SourceVersion "2"]
[SourceVersionDate "2002.09.10"]
[SourceQuality "1"]

1. d4 Nf6 2. c4 e6 3. Nc3 c5 4. d5 exd5 5. cxd5 d6 6. e4 g6 7. f4 Bg7 8. Bb5+ Nfd7 9. Be2 0-0 10. Nf3 Na6 11. 0-0 Nc7 12. Nd2 Rb8 13. Nc4 Nf6 14. a4 b6 15. f5 Ba6 16. Bg5 Bxc4 17. Bxc4 h6 18. Bh4 g5 19. Bg3 Nfe8 20. f6 Bxf6 21. Qh5 Kg7 22. Rf5 Bd4+ 23. Kh1 Nf6 24. Qf3 Qe7 25. Rf1 Nd7 26. Qd1 a6 27. Be2 b5 28. axb5 Nxb5 29. Nxb5 axb5 30. b4 Bc3 31. bxc5 Nxc5 32. e5 Bxe5 33. Bxe5+ dxe5 34. d6 Qe6 35. Bg4 Qb3 36. Qa1 f6 37. Qa7+ Nb7 38. h3 Qa4 39. Qb6 Qa5 40. Qc6 Qd8 41. d7 Na5 42. Qd5 b4 43. R5f2 b3 44. Bf5 Qb6 45. Bb1 Qb4 46. Qe6 Qb5 47. Qf5 Rf7 48. Qg6+ Kf8 49. Rxf6 Qxf1+ 50. Rxf1 Rxf1+ 51. Kh2 Ke7 52. Qg7+ Ke6 53. Qg6+ Ke7 54. Qh7+ Ke6 55. Qg6+ Rf6 56. Bf5+ Ke7 57. Qg7+ 1-0

[Event "TUR-ch"]
[Site "Ankara"]
[Date "2002.07.27"]
[Round "6"]
[White "Romi, Izak"]
[Black "Citak, Selim"]
[Result "1/2-1/2"]
[WhiteElo "2128"]
[BlackElo "2060"]
[PlyCount "52"]
[EventDate "2002.07.24"]
[EventType "swiss"]
[EventRounds "11"]
[EventCountry "TUR"]
[SourceTitle "CBM 089 Extra"]
[Source "ChessBase"]
[SourceDate "2002.09.10"]
[SourceVersion "2"]
[SourceVersionDate "2002.09.10"]
[SourceQuality "1"]

1. e4 e5 2. Nf3 Nc6 3. Bb5 a6 4. Ba4 Nf6 5. 0-0 Be7 6. Re1 b5 7. Bb3 d6 8. c3 0-0 9. h3 Na5 10. Bc2 c5 11. d3 Re8 12. Nbd2 Bf8 13. Nf1 g6 14. N3h2 Bg7 15. a4 b4 16. c4 Rb8 17. b3 Nc6 18. Ne3 Nd4 19. Nd5 Nxd5 20. cxd5 Qh4 21. Nf3 Nxf3+ 22. Qxf3 Rf8 23. Qe3 f5 24. Qg5 Qxg5 25. Bxg5 Kf7 26. Bd1 a5 1/2-1/2

[Event "TUR-ch"]
[Site "Ankara"]
[Date "2002.07.25"]
[Round "2"]
[White "Romi, Izak"]
[Black "Atakisi, Umut"]
[Result "0-1"]
[WhiteElo "2128"]
[BlackElo "2361"]
[PlyCount "102"]
[EventDate "2002.07.24"]
[EventType "swiss"]
[EventRounds "11"]
[EventCountry "TUR"]
[SourceTitle "CBM 089 Extra"]
[Source "ChessBase"]
[SourceDate "2002.09.10"]
[SourceVersion "2"]
[SourceVersionDate "2002.09.10"]
[SourceQuality "1"]

1. e4 c5 2. Nf3 Nc6 3. Nc3 e6 4. d4 cxd4 5. Nxd4 Nf6 6. Ndb5 d6 7. Bf4 e5 8. Bg5 a6 9. Na3 b5 10. Bxf6 gxf6 11. Nd5 Bg7 12. c3 f5 13. exf5 Bxf5 14. Nc2 0-0 15. Nce3 Bd7 16. Bd3 f5 17. Bc2 Kh8 18. 0-0 e4 19. f4 b4 20. Ba4 Rb8 21. Bxc6 Bxc6 22. Nxb4 Qb6 23. Qd2 Bb7 24. Rab1 a5 25. Nbc2 Ba6 26. Rfe1 Bd3 27. Kh1 Qc5 28. Nd1 d5 29. Rc1 Rfc8 30. Nf2 Bxc2 31. Qxc2 d4 32. Nd1 Qc4 33. b3 Qc7 34. Qf2 Qd6 35. c4 a4 36. bxa4 Qa3 37. Qc2 Qb4 38. Nf2 d3 39. Nxd3 exd3 40. Qxd3 Re8 41. Rxe8+ Rxe8 42. h3 Qc5 43. Rb1 Qf2 44. Qxf5 Bd4 45. Rd1 Re1+ 46. Kh2 Qg1+ 47. Kg3 Qe3+ 48. Kh2 Qg1+ 49. Kg3 Bf2+ 50. Kg4 Qxg2+ 51. Kh5 Qg6+ 0-1